Sentido común y educación en la familia

Saved in:
Bibliografiske detaljer
Hovedforfatter: Ibáñez Langlois, Diego (Author)
Format: Bog
Sprog:spansk
Udgivet: Santiago Eds. Universidad Catolica de Chile 1992
Serier:Aprendizaje
Fag:
Tags: Tilføj Tag
Ingen Tags, Vær først til at tagge denne postø!

MARC

LEADER 00000nam a2200000 a 4500
001 UCX8842
003 CL-VaPUC
008 940502e19920000CL |||||||||||||||||spa|d
082 0 4 |a 306.874  |b IBA  |2 21 
100 |a Ibáñez Langlois, Diego  |e author  |9 420548 
245 1 0 |a Sentido común y educación en la familia 
300 |a 146 p 
942 |c BK 
945 |d 19940502 00:00:00  |a rbrito 
260 |a Santiago  |b Eds. Universidad Catolica de Chile  |c 1992 
650 0 |a Educación para la vida familiar  |9 307821 
650 7 |a PATERNIDAD PSICOLOGIA  |2 CL-VaPUC  |9 308420 
650 0 |a Padres e hijos  |9 307753 
583 |a last modification  |c 19940502 00:00:00  |k Rodrigo Vera 
490 0 |a Aprendizaje 
999 |c 228235  |d 228233 
952 |0 0  |1 0  |4 0  |6 306_874000000000000_IBA_1992  |7 0  |8 A  |9 228077  |a BIBEDU  |b BIBEDU  |d 2019-11-15  |i 2972654  |o 306.874 IBA 1992  |p 2972654  |r 2019-11-15  |w 2019-11-15  |y BK  |k EDU